000 00651cam a22002531 4500
001 sa 68009537
003 DLC
005 20260227112543.0
008 890629s1967 ii b 000 0 gujo
010 _asa 68009537
035 _a(OCoLC)19950512
040 _aDLC
_cWaU
_dDLC
042 _apremarc
043 _aa-ii---
050 0 0 _aPK1850.5
_b.V3
100 1 _aVaidya, Vijayarāya Kalyāṇarāya,
_d1897-1974.
245 1 0 _aMāṇeka ane akīka.
260 _c1967.
300 _a16, 240 p.
_c19 cm.
500 _aIn Gujarati.
504 _aBibliographical footnotes.
650 0 _aGujarati literature.
650 0 _aAuthors, Gujarati.
999 _c82972
_d82972